01233nab a22002177a 4500003000400000005001700004008004100021040000700062100002100069245009500090300001300185500003600198505036100234505014700595650002300742650003900765650001400804650001900818650002900837773014900866OSt20260101202813.0190514b xxu||||| |||| 00| 0 spa d cPJ aDonato, Tomás 10aCrímenes por odio a la identidad de género. Lecciones del caso "T." /cTomás Donato. ap. 89-95 aCita: TR LALEY AR/DOC/452/2025. aSumario: I. Introducción.— II. El odio a la identidad o expresión de género.— III. Las distinciones entre motivos y modalidades.— IV. La jurisprudencia de los Tribunales Regionales de Derechos Humanos.— V. Los hechos del caso.— VI. La dinámica de sometimiento.— VII. Medidas de reparación integral.— VIII. Consideraciones finales.  aFallo comentado: CCiv. y Com., Necochea ~ 06/09/2024 ~ V. B. D. c. F. G. S. y otros s/ daños y perj. autom. c/ les. o muerte (exc. estado). 0aDERECHO DE FAMILIA 0aDERECHO A LA IDENTIDAD DE GÉNERO 0aHOMICIDIO 0aTRANSEXUALIDAD 0aJURISPRUDENCIA APLICABLE0 02844dBuenos Aires : AbeledoPerrot, 1989-tDerecho de familia. Revista Interdisciplinaria de doctrina y jurisprudencia. Abril 2025-II.z18511201